ČSN 41 4331. Ocel 14 331 manganokřemíkochromová
| Format: | Book |
|---|---|
| Language: | Undetermined |
| PhysicalDescription: | 5 s. |
| Published: |
Praha
ÚNM
b. r.
|
MARC
| LEADER | 00000nam a2200000 a 4500 | ||
|---|---|---|---|
| 001 | vtls001354688 | ||
| 003 | SK-MaSNL | ||
| 005 | 20260224200003.0 | ||
| 008 | 990208suuuu xx 0 und | ||
| 035 | |a SNK000308133 | ||
| 040 | |a SNK |b slo |c SNK |e AACR2 | ||
| 245 | 1 | |a ČSN 41 4331. Ocel 14 331 manganokřemíkochromová | |
| 260 | |a Praha |b ÚNM |c b. r. | ||
| 300 | |a 5 s. | ||
| 999 | |c 1149913 |d 1151843 | ||
| 952 | |t P60, <04>, [BOOK], {604} |a SNK |b SNK |y VYP |7 0 |p 17A0180464 |o snkČSN 41 4331 |0 0 |1 0 |4 0 |d 1999-02-08 |l 0 |r 2005-01-02 00:00:00 |w 2026-02-24 | ||


